000 00367 a2200121 4500
001 ART_42740
005 20260410161737.0
008 260409a
245 1 0 _aCondenados a la estabilidad
100 1 _aAlemann, Roberto T.
700 1 _aCastro, Jorge
773 0 _tEjecutivos de finanzas
_gTasas de interés - Año 12, Nº 130 (oct. 1996)
_wREV2863
999 _c18390
_d18390